| Tag |
First Indicator |
Second Indicator |
Subfields |
| LEADER |
00000cas a2200000 a 4500 |
| 001 |
in00002786518 |
| 005 |
20211120170314.0 |
| 006 |
m o d f |
| 007 |
cr ||||||||||| |
| 008 |
121031c20109999dcuar oo f| 0eng c |
| 010 |
|
|
|a 2012231052
|
| 035 |
|
|
|a (OCoLC)ocn815525059
|
| 040 |
|
|
|a GPO
|c GPO
|d MvI
|d UtOrBLW
|
| 042 |
|
|
|a pcc
|
| 043 |
|
|
|a n-us---
|
| 049 |
|
|
|a WWW
|
| 074 |
|
|
|a 0026-A-68 (online)
|
| 086 |
0 |
|
|a A 77.730/3:SW 6/
|
| 245 |
0 |
4 |
|a The Hunt for green every April :
|b factors affecting fitness in switchgrass ... annual report.
|
| 246 |
3 |
0 |
|a Factors affecting fitness in switchgrass ... annual report
|
| 264 |
|
1 |
|a [Washington, D.C.] :
|b U.S. Dept. of Agriculture, Agricultural Research Service.
|
| 300 |
|
|
|a 1 online resource
|
| 310 |
|
|
|a Annual
|
| 336 |
|
|
|a text
|b txt
|2 rdacontent
|
| 337 |
|
|
|a computer
|b c
|2 rdamedia
|
| 338 |
|
|
|a online resource
|b cr
|2 rdacarrier
|
| 362 |
1 |
|
|a Began with: 2010.
|
| 588 |
|
|
|a Description based on: 2010; title from title screen (viewed Oct. 31, 2012).
|
| 588 |
|
|
|a Latest issue consulted: 2011.
|
| 515 |
|
|
|a Report covers fiscal year.
|
| 500 |
|
|
|a Electronic resource.
|
| 650 |
|
0 |
|a Switchgrass
|x Seasonal variations
|z United States
|v Periodicals.
|
| 650 |
|
0 |
|a Switchgrass
|z United States
|x Genetics
|v Periodicals.
|
| 710 |
2 |
|
|a ARS Bioenergy Program (U.S.)
|
| 710 |
1 |
|
|a United States.
|b Agricultural Research Service.
|
| 856 |
4 |
0 |
|u https://purl.fdlp.gov/GPO/gpo30684
|t 0
|
| 999 |
|
|
|a MARS
|
| 999 |
f |
f |
|s bc3b3059-2257-3f9e-833b-625e1f3ba07b
|i 902de42f-5348-393a-bf26-9147039fd9eb
|t 0
|
| 952 |
f |
f |
|a Texas A&M University
|b College Station
|c Electronic Resources
|d Available Online
|t 0
|e A 77.730/3:SW 6/
|h Superintendent of Documents classification
|
| 998 |
f |
f |
|a A 77.730/3:SW 6/
|t 0
|l Available Online
|